Classement du Top 50 du 4 novembre 1984 - Statistiques

Statistiques générales
  • Ce quiz a été pris 76 fois
  • Le résultat moyen est 15 sur 50
Statistiques - réponses
Place Chanson Artiste(s) % Correct
3 Still Loving You Scorpions
85%
10 Un autre monde Téléphone
76%
8 Toute première fois Jeanne Mas
67%
6 Hong-Kong Star France Gall
64%
44 Débranche ! France Gall
64%
2 Femme libérée Cookie Dingler
61%
1 Besoin de rien, envie de toi Peter et Sloane
61%
5 I Just Called To Say I Love You Stevie Wonder
55%
31 Wake Me Up Before You Go-Go Wham
52%
47 Dieu que c'est beau Daniel Balavoine
50%
39 Pull Marine Isabelle Adjani
50%
29 Désir, désir Laurent Voulzy & Véronique Jannot
44%
11 Time After Time Cyndi Lauper
42%
19 La fille aux bas nylon Julien Clerc
42%
30 When The Rain Begins To Fall Jermaine Jackson & Pia Zadora
41%
16 Big in Japan Alphaville
36%
28 Disparue Jean-Pierre Mader
36%
48 Les deux écoles Michel Sardou
36%
49 Délire d'amour Michel Sardou
36%
21 What's Love Got To Do With It Tina Turner
36%
7 T'as le look, coco Laroche-Valmont
30%
14 Torture Jacksons
29%
12 Mickey, Donald et moi... Douchka
27%
41 Hello Lionel Richie
26%
9 Ghostbusters Ray Parker Jr.
26%
15 The Reflex Duran Duran
24%
20 Against All Odds Phil Collins
24%
13 Self Control Laura Branigan
23%
23 Rien à personne Johnny Hallyday
21%
34 It's My Life Talk Talk
21%
17 Smalltown Boy Bronski Beat
20%
33 Dream P.Lion
18%
32 When Doves Cry Prince
18%
24 To France Mike Oldfield
15%
36 Beau, j's'rai jamais beau Claude Barzotti
14%
40 Je ne t'écrirai plus Claude Barzotti
14%
22 Blue Jean David Bowie
14%
26 Kalima de Luna Boney M.
11%
4 High On Emotion Chris De Burgh
11%
50 On s'embrasse et on oublie tout Frédéric François
11%
38 Here She Comes Bonnie Tyler
9%
18 High Energy Evelyn Thomas
6%
46 Wouldn't It Be Good Nick Kershaw
6%
42 Self Control Raf
6%
25 Susanna The Art Company
6%
43 Tous les samedis soir Billy
5%
35 Precious Little Diamond Fox The Fox
5%
27 All Of You Julio Iglesias & Diana Ross
5%
45 Din Daa Daa (Trommeltanz) George Kranz
2%
37 Arrête ton clip Mini-Star
2%
Aucun quiz correspondant
Distribution des résultats
% des personnes avec chaque résultat
Percentile par nombre de réponses
Votre historique - résultats
Vous n’avez pas pris ce quiz